000 00859nab a2200265 4500
003 BR-BrBNA
005 20240814160100.0
008 240721b bl.||||| |||| 00| 0 por d
040 _aBR-BrBNA
_bpor
072 _aM12 ; N01 ; E14
_b8140
100 _aShasmylla, Shelsea
245 _aPeixe em tanque-rede: qualidade comprovada
_bAquicultura
500 _a4 illus.
650 _aAQUICULTURA
650 _aPISCICULTURA
650 _aLAGO
650 _aPROJETO PESQUEIRO
650 _aTANQUE
650 _aTAMBAQUI
650 _aPEIXE DE ÁGUA DOCE
650 _aTOCANTINS
773 0 _04604
_9317188
_dPalmas - Tocantins Terranova Gráfica e Editora Jornalística Ltda 2005
_o2024-3812
_tCerrado Rural Agronegócios (Brazil)
_x1980-2595
_gv. 3(17) p. 33-35; (May 2006)
_wBR2024001984
942 _cAnalítica
999 _c300605
_d300605